LEADER 01743nam 2200361Ia 450 001 996386870103316 005 20200824132741.0 035 $a(CKB)4940000000082981 035 $a(EEBO)2240909128 035 $a(OCoLC)ocm18206104e 035 $a(OCoLC)18206104 035 $a(EXLCZ)994940000000082981 100 $a19880713d1646 uy | 101 0 $aeng 135 $aurbn||||a|bb| 200 12$aA treatise of divinity$b[electronic resource] $econsisting of three bookes : The first of which handling the Scripture or Word of God, treateth of its divine authority, the canonicall bookes, the authenticall edition, and severall versions, the end, properties, and interpretation of Scripture : The second handling God sheweth that there is a God, and what he is, in his essence and several attributes, and likewise the distinction of persons in the divine essence : The third handleth the three principall works of God, decree, creation and providence /$fby Edward Leigh .. 210 $aLondon $cPrinted by E. Griffin for William Lee ...$d1646 215 $a[41], 192, 140, 132, [12] p 300 $a"June 9. 1646. I have perused this excellent and learnal treatise of divinity with much pleasure, profit, and satisfaction ... John Downham"--Oposite t.p. 300 $aErrata: p. [41]. 300 $aReproduction of original in the Bodleian Library. 320 $aIncludes bibliographical references and index. 330 $aeebo-0014 606 $aTheology, Doctrinal 615 0$aTheology, Doctrinal. 700 $aLeigh$b Edward$f1602-1671.$0792090 801 0$bEAI 801 1$bEAI 801 2$bWaOLN 906 $aBOOK 912 $a996386870103316 996 $aA treatise of divinity$92340227 997 $aUNISA LEADER 01366nam 2200373z- 450 001 9910694048303321 005 20060809173753.0 035 $a(CKB)5860000000021670 035 $a(BIP)013663286 035 $a(EXLCZ)995860000000021670 100 $a20220406c2006uuuu -u- - 101 0 $aeng 200 10$aElection reform $ehearing before the Committee on Commerce, Science, and Transportation, United States Senate, One Hundred Seventh Congress, first session, March 7, 2001 215 $a1 online resource (iii, 109 p.) 311 $a0-16-075996-X 517 $aElection reform 606 $aVoting-machine industry$xStandards$zUnited States 606 $aVoting-machines$xLaw and legislation$zUnited States 606 $aElections$xCorrupt practices$zUnited States$xPrevention 606 $aVoting$zUnited States 610 $aElections 610 $aVoting 610 $aIndustries 610 $aPolitical science 610 $aBusiness & economics 615 0$aVoting-machine industry$xStandards 615 0$aVoting-machines$xLaw and legislation 615 0$aElections$xCorrupt practices$xPrevention. 615 0$aVoting 712 02$aUnited States, Congress Senate Committee on Commerce, Science, and Transportation Staff,$4oth 906 $aBOOK 912 $a9910694048303321 996 $aElection reform$93120929 997 $aUNINA